000 00788nam a2200277 a 4500
001 15866
003 BD-RjUL
005 20211208235912.0
008 140211r19611958enk 001 0 eng d
035 _a(BD-RjUL)15921
040 _aDLC
_cCarP
_dDLC
_dBD-RjUL
_beng
041 _aeng
082 0 0 _222
_a658.85
_bWHA 1961
100 1 _aWhitehead, Harold,
_d1880-
_949204
245 1 4 _aThe administration of marketing and selling /
_cWhitehead Harold.
250 _a2d ed.
260 _aLondon:
_bPitman,
_c1956 [reprinted 1958,1961]
300 _a253p. ;
_c21cm.
504 _aIncludes Index
650 0 _aSelling.
_949205
650 0 _aMarketing.
_949206
651 0 _aGreat Britain
_xCommerce.
_949207
942 _2ddc
_cBK
999 _c15866
_d15866